000 00462nam a2200145Ia 4500
008 230917s9999||||xx |||||||||||||| ||und||
040 _e177461
_aMAIN
041 _aEnglish
082 _a891.43274109 SK22:KR
100 _aकौर, राज
245 0 _aसुधीन्द्र कुमार का नाट्यशिल्प
260 _aदिल्ली
_bईशा ज्ञानदीप
_c2001
300 _a102 पृ. p.
942 _cHN
999 _c108373
_d108373